Statistics for Guess the Taylor swift song no hints #8

Click here to take the quiz!

General Stats

  • This quiz has been taken 60 times
  • The average score is 425 of 500

Answer Stats

Answer% Correct
a
100%
I
100%
(I
100%
I)
100%
I I I
100%
I I I I
100%
you
100%
You
100%
your
98%
and
96%
And
96%
in
96%
In
96%
me
96%
The
96%
the
96%
we
96%
it
94%
it's
94%
It's
94%
my
94%
know
92%
love
92%
of
92%
to
92%
where
92%
I'm
90%
like
90%
that
90%
We're
90%
were
90%
all
88%
don't
88%
(I I I I, I I I wish, I wish, I)
88%
wish
88%
Wish
88%
would
88%
would)
88%
as
86%
back
86%
for
86%
go
86%
Hear
86%
I'd
86%
knew
86%
say
86%
too
86%
what
86%
did
84%
never
84%
This
84%
are
82%
be
82%
now
82%
right
82%
up
82%
2
80%
AM
80%
but
80%
car
80%
said
80%
come
78%
down
78%
Here
78%
here
78%
mad
78%
Then
78%
could
76%
good
76%
how
76%
live
76%
long
76%
always
74%
forget
74%
hung
72%
phone
72%
Cause
68%
still
68%
street
68%
window
68%
hate
66%
made
66%
past
66%
run
66%
See
66%
us
66%
Windows
66%
around
64%
everything
64%
miss
64%
much
64%
start
64%
turn
64%
voice
64%
anymore
62%
room
62%
straight
62%
think
62%
buttons
60%
fighting
60%
hide
60%
line
60%
makes
60%
Makes
60%
nothing
60%
push
60%
remember
60%
crooked
58%
dark
58%
gave
58%
memories
58%
pass
58%
wanna
58%
drive
56%
stood
54%
ahead
52%
Headlights
52%
face
50%
Stand
50%
gonna
46%
pane
42%
lived
28%
rushing
20%
Guess
18%

Score Distribution

Percentile by Number Answered

Percent of People with Each Score

Your Score History

You have not taken this quiz